00680nam a22002052a 450000100060000000300080000600500170001400800410003103500510007204000320012304100080015508200200016310000340018324500850021726000300030230000260033265000200035870000730037870000230045119543BD-RjUL20211209000440.0140224s1948 enk 000 01eng dd a(BD-RjUL)19603aOCLC ocm13842777 from D950330M aPBUcPBUdEQOdBD-RjULbeng aeng04a821.8bBRS 19481 aBrowning, Robert,d1812-1889.10aSelections from the Brownings /cchosen and ed. by H. O'B. Boas (Mrs. F.S. Boas) aLondon :bMethuen,c1948. avii, 216 p. ;c17 cm. 0aEnglish poetry.12aBrowning, Elizabeth Barrett,d1806-1861.tWorks.kSelections.f1933.1 aBoas, F. S.,cMrs.